Návrh riešenia siete IoT

Uložené v:
Podrobná bibliografia
Hlavný autor: Kos, Marko (Autor)
Ďalší autori: Kotuliaková, Kvetoslava (Vedúci práce)
Médium: Rukopis Kniha
Jazyk:Slovak
Vydavateľské údaje: Bratislava : STU v Bratislave FEI, 2023
Predmet:
On-line prístup:https://opac.crzp.sk/?fn=detailBiblioFormChildG718D&sid=C0DEB8E07572332BAB250815805F&seo=CRZP-detail-kniha
Tagy: Pridať tag
Žiadne tagy, Buďte prvý, kto otaguje tento záznam!

MARC

LEADER 00000ntm a22000003a 4500
001 stuzp92530
003 SK-STU
005 20241127095604.2
007 ta
008 150427s2015----xo-----f-mn---000-0-slo-d
040 |a STU  |b slo 
041 0 |a slo 
044 |a xo 
100 1 |a Kos, Marko  |u 037000  |4 aut  |U FEI Fakulta elektrotechniky a informatiky  |T FEI Ústav multimediálnych informačných a komunikačných technológií  |X 98272  |U E070  |Y 818  |7 98272 
242 0 1 |a IoT network solution design  |y eng 
245 1 0 |a Návrh riešenia siete IoT 
260 |a Bratislava :  |b STU v Bratislave FEI,  |c 2023 
300 |a 65 s. 
650 4 |a IoT  |2 slo 
650 4 |a Smart domácnosť  |2 slo 
650 4 |a Cisco Packet Tracer  |2 slo 
650 4 |a IoT  |2 eng 
650 4 |a Smart home  |2 eng 
650 4 |a Cisco Packet Tracer  |2 eng 
700 1 |a Kotuliaková, Kvetoslava  |u 037000  |k Z1  |4 ths  |U FEI Fakulta elektrotechniky a informatiky  |T FEI Ústav multimediálnych informačných a komunikačných technológií  |X 2015  |U E070  |Y 818  |7 A000002015 
856 4 |u https://opac.crzp.sk/?fn=detailBiblioFormChildG718D&sid=C0DEB8E07572332BAB250815805F&seo=CRZP-detail-kniha